| Tag |
First Indicator |
Second Indicator |
Subfields |
| LEADER |
00000cam a2200000 a 4500 |
| 001 |
in00000008229 |
| 005 |
20151002080019.0 |
| 008 |
870505s1987 nyu 00010 eng |
| 010 |
|
|
|a 87045134
|
| 020 |
|
|
|a 039456037X
|
| 035 |
|
|
|a (OCoLC)15791192
|
| 035 |
|
|
|9 AAA0595AM
|
| 040 |
|
|
|a DLC
|c DLC
|d TXA
|d UtOrBLW
|
| 043 |
|
|
|a n-us-la
|
| 050 |
0 |
0 |
|a KF224.E37
|b L46 1987
|
| 082 |
0 |
|
|a 345.73/0232
|a 347.305232
|2 19
|
| 100 |
1 |
|
|a Lemann, Nancy.
|
| 245 |
1 |
4 |
|a The Ritz of the Bayou /
|c Nancy Lemann.
|
| 250 |
|
|
|a 1st ed.
|
| 264 |
|
1 |
|a New York :
|b A.A. Knopf :
|c 1987.
|
| 264 |
|
2 |
|a New York :
|b Distributed by Random House,
|
| 300 |
|
|
|a 163 pages ;
|c 22 cm.
|
| 336 |
|
|
|a text
|b txt
|2 rdacontent
|
| 337 |
|
|
|a unmediated
|b n
|2 rdamedia
|
| 338 |
|
|
|a volume
|b nc
|2 rdacarrier
|
| 600 |
1 |
0 |
|a Edwards, Edwin W.
|x Trials, litigation, etc.
|
| 650 |
|
0 |
|a Trials (Misconduct in office)
|z Louisiana
|z New Orleans.
|
| 650 |
|
0 |
|a Trials (Bribery)
|z Louisiana
|z New Orleans.
|
| 650 |
|
0 |
|a Trials (Fraud)
|z Louisiana
|z New Orleans.
|
| 650 |
|
0 |
|a Governors
|z Louisiana.
|
| 999 |
|
|
|a MARS
|
| 999 |
f |
f |
|s d732144a-6ff9-31ae-8b0f-c61d1831df75
|i 9f88eb66-3de0-3f91-99c9-fd0e8e79aebe
|t 0
|
| 952 |
f |
f |
|p ric
|a Texas A&M University
|b Rellis Campus
|c Joint Library Facility
|d Remote Storage
|t 0
|e KF224.E37 L46 1987
|h Library of Congress classification
|i unmediated -- volume
|m A14812615135
|
| 998 |
f |
f |
|a KF224.E37 L46 1987
|t 0
|l Remote Storage
|